| 000 | 00613nam a22001697a 4500 | ||
|---|---|---|---|
| 005 | 20150818125135.0 | ||
| 010 | _a1516EN07 | ||
| 020 |
_a9788180389825 _c1050.00 |
||
| 037 | _bUBH/ven | ||
| 100 | _aPandya, Asim | ||
| 245 |
_aLaw of bail : _cby Asim Pandya ; foreworded by D.H. Waghela _bpractice and procedure : essential court volume for practitioners / |
||
| 260 |
_aGurgaon _bLexis Nexis _c2015 |
||
| 270 |
_a14th floor, Building No 10, Tower-B, DLF Cyber City, Phase-ll, _bGurgaon _e122002 |
||
| 300 |
_axxiii,725p. _c24cm(pbk) |
||
| 500 | _aIncludes index | ||
| 942 |
_2ddc _cEN _mPAN _h345.54 |
||
| 999 |
_c96149 _d96149 |
||